Largest exports of more specific things. - Statistics

General Stats
  • This quiz has been taken 26 times
  • The average score is 6 of 8
Answer Stats
Export Country % Correct
Ice Cream ($576.1 million) France
100%
Pork ($4.6 billion) United States
100%
Apples ($1.7 billion) China
96%
Cheese ($4.6 billion) Germany
88%
Flour ($1 billion) Turkey
50%
Frozen Vegetables ($1.6 billion) Belgium
42%
Butter ($1.4 billion) New Zealand
42%
Wheat ($2.6 billion) Indonesia
38%
No matching quizzes found
Score Distribution
Percent of People with Each Score
Percentile by Number Answered
Your Score History
You have not taken this quiz